| 000 | 00389nam a2200145Ia 4500 | ||
|---|---|---|---|
| 008 | 150201s2006 xx 000 0 und d | ||
| 082 |
_a612.015 _bA2006H |
||
| 100 | _aHARBANS LAL | ||
| 245 | 2 | _aA TEXT BOOK OF BIOCHEMISTRY FOR DENTAL STUDENTS | |
| 250 | _a3RD | ||
| 260 |
_bC.B.S PUBLISHERS & DISTRIBUTERS _aDELHI _c2006 |
||
| 300 | _a1-348 | ||
| 650 | _aBIOCHEMISTRY | ||
| 942 |
_2ddc _cBK _01 |
||
| 999 |
_c3497 _d3497 |
||